| 000 | 01003nmm a2200313 a 4500 | ||
|---|---|---|---|
| 003 | AR-BaBNM | ||
| 005 | 20251128211334.0 | ||
| 008 | 284020s2002 ||||||||||||||000 | spa|| | ||
| 020 | _a950-531-184-2 | ||
| 040 | _cAR-BaBNM | ||
| 100 | 1 | _aGómez, Raúl Horacio | |
| 245 | 1 | 0 |
_aLa enseñanza de la educación física en el nivel inicial y el primer ciclo de la E.G.B. _buna didáctica de la disponibilidad corporal |
| 260 |
_aBuenos Aires _bStadium _c2002 |
||
| 300 | 0 |
_a542 p. _bgráfs., tablas, il. |
|
| 504 | _aContiene referencias bibliográficas en p. 535 | ||
| 650 | 4 | _aEDUCACION FISICA | |
| 650 | 4 | _aFORMACION DE DOCENTES | |
| 650 | 4 | _aFILOSOFIA DE LA EDUCACION | |
| 650 | 4 | _aDEPORTE | |
| 650 | 4 | _aPSICOLOGIA DE LA EDUCACION | |
| 650 | 4 | _aPSICOLOGIA APLICADA | |
| 650 | 4 | _aDINAMICA DE GRUPO | |
| 650 | 4 | _aGRUPOS DE JUEGO | |
| 653 | _aEDUCACION SECUNDARIA | ||
| 653 | _aEDUCACION PARA LA SALUD | ||
| 700 | 1 |
_aParlebas, Pierre _eprologuista |
|
| 942 | _cBK | ||
| 998 | _cEugenia | ||
| 999 |
_c19234 _d19234 |
||